<?xml version="1.0" encoding="UTF-8"?>
<collection xmlns:xsi="http://www.w3.org/2001/XMLSchema-instance" xsi:schemaLocation="http://www.loc.gov/MARC21/slim http://www.loc.gov/standards/marcxml/schema/MARC21slim.xsd" xmlns="http://www.loc.gov/MARC21/slim">
 <record>
  <leader>00000caa a22000003i 4500</leader>
  <controlfield tag="001">UP-1685594773862409310</controlfield>
  <controlfield tag="003">Buklod</controlfield>
  <controlfield tag="005">20210603155141.0</controlfield>
  <controlfield tag="006">m     |  |        </controlfield>
  <controlfield tag="007">ta</controlfield>
  <controlfield tag="008">210603s2020    xx      r    |||| u|eng d</controlfield>
  <datafield tag="035" ind1=" " ind2=" ">
   <subfield code="a">(iLib)UPBAG-00040676644</subfield>
  </datafield>
  <datafield tag="040" ind1=" " ind2=" ">
   <subfield code="a">STII-DOST</subfield>
   <subfield code="d">BAG</subfield>
   <subfield code="e">rda</subfield>
  </datafield>
  <datafield tag="041" ind1="0" ind2=" ">
   <subfield code="a">eng</subfield>
  </datafield>
  <datafield tag="090" ind1=" " ind2="0">
   <subfield code="a">ARTICLE-3514</subfield>
  </datafield>
  <datafield tag="100" ind1="1" ind2=" ">
   <subfield code="a">Arceo, Hazel O.</subfield>
   <subfield code="e">author.</subfield>
  </datafield>
  <datafield tag="245" ind1="1" ind2="0">
   <subfield code="a">Estimating the potential fisheries production of three offshore reefs in the West Philippine Sea, Philippines</subfield>
   <subfield code="c">by Hazel O. Arceo, Joey P. Cabasan, Rhea Mae A. Luciano, Lovely Joy D. Heyres, Samuel S. Mamauag, and Porfirio M. Aliño.</subfield>
  </datafield>
  <datafield tag="264" ind1=" " ind2="1">
   <subfield code="c">2020.</subfield>
  </datafield>
  <datafield tag="300" ind1=" " ind2=" ">
   <subfield code="a">pages 631-642</subfield>
   <subfield code="b">color illustrations, maps</subfield>
   <subfield code="c">26 cm</subfield>
  </datafield>
  <datafield tag="336" ind1=" " ind2=" ">
   <subfield code="a">text</subfield>
   <subfield code="2">rdacontent</subfield>
  </datafield>
  <datafield tag="337" ind1=" " ind2=" ">
   <subfield code="a">unmediated</subfield>
   <subfield code="2">rdamedia</subfield>
  </datafield>
  <datafield tag="338" ind1=" " ind2=" ">
   <subfield code="a">volume</subfield>
   <subfield code="2">rdacarrier</subfield>
  </datafield>
  <datafield tag="504" ind1=" " ind2=" ">
   <subfield code="a">Includes bibliographical references (pages 641-642)</subfield>
  </datafield>
  <datafield tag="520" ind1=" " ind2=" ">
   <subfield code="a">Evaluating reef fisheries potential is crucial in understanding the benefits derived from coral reefs. In this study, fisheries production of three offshore reefs in the West Philippine Sea was characterized using both fishery-dependent and fishery-independent approaches. Experimental fishing was done using speargun and multiple hook-and-line in Pagasa Island and Sabina Shoal, Kalayaan Island Group (KIG) while interviews to assess fisheries production for the Scarborough Shoal were conducted in Masinloc, Zambales. Catch composition, total catch, and catch rates were obtained. Catch composition differed among gears although it was commonly dominated by Acanthuridae, Balistidae, Lethrinidae, and Scombridae. The catch rate was lowest for hook-and-line across all sites. Using varying levels of fishing days per year, mean catch rates ranged from 0.25?1.53 mt/fisher/yr for hook-and-line and 1.26?3.80 mt/fisher/yr for spearfishing. Estimated yields ranged from 2?31 mt/km2/yr. The potential annual yield for the three reefs was 1,053?2,733 mt/yr. When extrapolated, the KIG reefs can potentially produce around 61,557?90,850 mt/yr, or 3?5% of the total marine capture fisheries output. Interview results further revealed that the dominant gear type in Scarborough changed from speargun in the past to gillnets at present. This could be attributed to an observed shift in fishing grounds when access to the reefs became more restricted. The study shows that fisheries production in the three offshore reefs is still high compared with other areas in the country. However, these reefs have remained exposed to various anthropogenic threats, which could lead to significant fisheries losses if they remain unmanaged. Especially in offshore reefs where benchmarks are lacking, information on fisheries productivity should be compiled if it were to be sustained. (Author's abstract)</subfield>
  </datafield>
  <datafield tag="650" ind1="0" ind2="4">
   <subfield code="a">Biology.</subfield>
  </datafield>
  <datafield tag="650" ind1="0" ind2="4">
   <subfield code="a">Coral reef.</subfield>
  </datafield>
  <datafield tag="650" ind1="0" ind2="4">
   <subfield code="a">Fisheries.</subfield>
  </datafield>
  <datafield tag="650" ind1="0" ind2="4">
   <subfield code="a">Kalayaan island group.</subfield>
  </datafield>
  <datafield tag="650" ind1="0" ind2="4">
   <subfield code="a">Offshore.</subfield>
  </datafield>
  <datafield tag="650" ind1="0" ind2="4">
   <subfield code="a">Scarboroug</subfield>
   <subfield code="z">West Philippine sea.</subfield>
  </datafield>
  <datafield tag="700" ind1="1" ind2=" ">
   <subfield code="a">Mamauag, Samuel S.</subfield>
   <subfield code="e">author.</subfield>
  </datafield>
  <datafield tag="700" ind1="1" ind2=" ">
   <subfield code="a">Luciano, Rhea Mae A.</subfield>
   <subfield code="e">author.</subfield>
  </datafield>
  <datafield tag="700" ind1="1" ind2=" ">
   <subfield code="a">Heyres, Lovely Joy D.</subfield>
   <subfield code="e">author.</subfield>
  </datafield>
  <datafield tag="700" ind1="1" ind2=" ">
   <subfield code="a">Cabasan, Joey P.</subfield>
   <subfield code="e">author.</subfield>
  </datafield>
  <datafield tag="700" ind1="1" ind2=" ">
   <subfield code="a">Aliño, Porfirio M.</subfield>
   <subfield code="e">author.</subfield>
  </datafield>
  <datafield tag="773" ind1="0" ind2=" ">
   <subfield code="a">The Philippine Journal of Science</subfield>
   <subfield code="g">Vol. 149, no. 3, September 2020.</subfield>
  </datafield>
  <datafield tag="856" ind1="4" ind2="0">
   <subfield code="a">Request full-text access via UPB University Library through</subfield>
   <subfield code="u">https://forms.gle/KZjBv7aRtY6jiL5E9</subfield>
  </datafield>
  <datafield tag="856" ind1="4" ind2="0">
   <subfield code="z">(viewed 03 June 2021)</subfield>
  </datafield>
  <datafield tag="905" ind1=" " ind2=" ">
   <subfield code="a">FI</subfield>
  </datafield>
  <datafield tag="852" ind1="0" ind2=" ">
   <subfield code="a">UPBAG</subfield>
   <subfield code="b">UPBAG-MAIN</subfield>
   <subfield code="h">ARTICLE-3514</subfield>
  </datafield>
  <datafield tag="942" ind1=" " ind2=" ">
   <subfield code="a">Analytics</subfield>
  </datafield>
 </record>
</collection>
